|
|
|
|
| LEADER |
01111nam a22003132a 4500 |
| 001 |
000131528 |
| 003 |
CZ BrMZK |
| 005 |
20071119091837.0 |
| 008 |
970103s1991 xr e p cze d |
| 015 |
|
|
|a cnb000059419
|
| 035 |
|
|
|a (OCoLC)39413677
|
| 040 |
|
|
|a BOA001
|b cze
|
| 080 |
|
|
|a 62-112-41
|2 MRF
|
| 080 |
|
|
|a 62-112-46
|2 MRF
|
| 080 |
|
|
|a 531.8
|2 MRF
|
| 080 |
|
|
|a (075.8)
|2 MRF
|
| 100 |
1 |
|
|a Šubrt, Ladislav,
|d 1936-
|7 ntka174664
|
| 245 |
1 |
0 |
|a Teorie desek a skořepin /
|c Ladislav Šubrt
|
| 250 |
|
|
|a 3. vyd.
|
| 260 |
|
|
|a Praha :
|b České vysoké učení technické,
|c 1991
|
| 300 |
|
|
|a 208 s.
|
| 650 |
0 |
7 |
|a deskové konstrukce
|7 ph137059
|2 czenas
|
| 650 |
0 |
7 |
|a skořepinové konstrukce
|7 ph116165
|2 czenas
|
| 650 |
0 |
7 |
|a technická mechanika
|7 ph126462
|2 czenas
|
| 655 |
|
7 |
|a učebnice vysokých škol
|7 fd133772
|2 czenas
|
| 856 |
4 |
1 |
|u http://www.digitalniknihovna.cz/mzk/uuid/uuid:9d1f6320-45f9-11e3-ad8c-005056827e52
|y Digitalizovaný dokument
|x NDK
|
| 910 |
|
|
|a BOA001
|b TK-A-0247.264
|
| 990 |
|
|
|a BK
|
| 996 |
7 |
|
|b 2629982733
|c TK-A-0247.264
|l MZK
|r Sklad / do 24 hodin
|n 9
|w 000131528
|u 000010
|a 1
|e BOA001
|j MZK50
|s A
|